000 00679nam a2200217Ii 4500
003 JO-AjNU
008 230605s9999||||xx |||||||||||||| ||und||
017 _a1978/2802
020 _a977-316-237-0
040 _aJO-AjNU
_bara
_erda
_cJO-AjNU
041 _aara
050 1 4 _aPJ7805.M84.U87 1978
100 3 _aتأليف عبدالله،محمد عبد الحليم,
_eauthor
_920859
245 0 0 _aأسطورة من كتاب الحب
264 3 1 _aالقاهر:مكتبة مصر،1979
300 _a184ص
336 _atext
_btxt
_2rdacontent
337 _aunmediated
_bn
_2rdamedia
338 _avolume
_bnc
_2rdacarrier
650 4 _aالأدب العربي - قصص
_920860
999 _aA7148
_c10716
_d10716